Towards a better port industry : (Record no. 27493)
[ view plain ]
| 000 -LEADER | |
|---|---|
| fixed length control field | 03487cam a22005538i 4500 |
| 001 - CONTROL NUMBER | |
| control field | 9780203797501 |
| 003 - CONTROL NUMBER IDENTIFIER | |
| control field | FlBoTFG |
| 005 - DATE AND TIME OF LATEST TRANSACTION | |
| control field | 20240802120416.0 |
| 006 - FIXED-LENGTH DATA ELEMENTS--ADDITIONAL MATERIAL CHARACTERISTICS | |
| fixed length control field | m do | | |
| 007 - PHYSICAL DESCRIPTION FIXED FIELD--GENERAL INFORMATION | |
| fixed length control field | cr ||||||||||| |
| 008 - FIXED-LENGTH DATA ELEMENTS--GENERAL INFORMATION | |
| fixed length control field | 200207s2020 enk ob 001 0 eng |
| 020 ## - INTERNATIONAL STANDARD BOOK NUMBER | |
| International Standard Book Number | 9780203797501 |
| Qualifying information | (ebk) |
| International Standard Book Number | 0203797507 |
| Qualifying information | (ebk) |
| International Standard Book Number | 9781136001604 |
| Qualifying information | (electronic bk. : Mobipocket) |
| International Standard Book Number | 1136001603 |
| Qualifying information | (electronic bk. : Mobipocket) |
| International Standard Book Number | 9781136001444 |
| Qualifying information | (electronic bk. : PDF) |
| International Standard Book Number | 1136001441 |
| Qualifying information | (electronic bk. : PDF) |
| International Standard Book Number | 9781136001529 |
| Qualifying information | (electronic bk. : EPUB) |
| International Standard Book Number | 1136001522 |
| Qualifying information | (electronic bk. : EPUB) |
| Canceled/invalid ISBN | 9780415870023 |
| Qualifying information | (hbk) |
| Canceled/invalid ISBN | 9780415870030 |
| Qualifying information | (pbk) |
| 035 ## - SYSTEM CONTROL NUMBER | |
| System control number | (OCoLC)1145096004 |
| System control number | (OCoLC-P)1145096004 |
| 040 ## - CATALOGING SOURCE | |
| Original cataloging agency | OCoLC-P |
| Language of cataloging | eng |
| Description conventions | rda |
| Transcribing agency | OCoLC-P |
| 050 00 - LIBRARY OF CONGRESS CALL NUMBER | |
| Classification number | HE551 |
| 072 #7 - SUBJECT CATEGORY CODE | |
| Subject category code | BUS |
| Subject category code subdivision | 000000 |
| Source | bisacsh |
| Subject category code | BUS |
| Subject category code subdivision | 041000 |
| Source | bisacsh |
| Subject category code | BUS |
| Subject category code subdivision | 069020 |
| Source | bisacsh |
| Subject category code | KCL |
| Source | bicssc |
| 082 00 - DEWEY DECIMAL CLASSIFICATION NUMBER | |
| Classification number | 387.1068 |
| Edition number | 23 |
| 100 1# - MAIN ENTRY--PERSONAL NAME | |
| Personal name | Langen, Peter W. de, |
| Relator term | author. |
| 245 10 - TITLE STATEMENT | |
| Title | Towards a better port industry : |
| Remainder of title | port development, management and policy / |
| Statement of responsibility, etc. | Peter W. de Langen. |
| 264 #1 - PRODUCTION, PUBLICATION, DISTRIBUTION, MANUFACTURE, AND COPYRIGHT NOTICE | |
| Place of production, publication, distribution, manufacture | Abingdon, Oxon ; |
| -- | New York, NY : |
| Name of producer, publisher, distributor, manufacturer | Routledge, |
| Date of production, publication, distribution, manufacture, or copyright notice | 2020. |
| 300 ## - PHYSICAL DESCRIPTION | |
| Extent | 1 online resource |
| 336 ## - CONTENT TYPE | |
| Content type term | text |
| Content type code | txt |
| Source | rdacontent |
| 337 ## - MEDIA TYPE | |
| Media type term | computer |
| Media type code | n |
| Source | rdamedia |
| 338 ## - CARRIER TYPE | |
| Carrier type term | online resource |
| Carrier type code | nc |
| Source | rdacarrier |
| 520 ## - SUMMARY, ETC. | |
| Summary, etc. | "Towards a Better Port Industry provides professionals in freight transport and maritime logistics, and specifically the port industry, as well as students in these fields with a better conceptual understanding of the port industry. It includes key insights and best practices for port management and development, and an overview of new trends and developments relevant for developing winning strategies. After an introduction, chapter 2 offers a new perspective on port governance, in which public interests, corporatisation, state-ownership, and shareholder policies take a central role. Chapter 3 explains how new trends and developments affect port development and argues that assuming 'business as usual' often leads to major port development mistakes. Chapter four deals with port development and discusses all major port development challenges, including granting concessions, developing a port vision, crafting stakeholder support, choosing port performance indicators and creating a port innovation system. The final chapter deals with port development strategies and includes themes such as strategies of port development companies, pricing and business development. This book will broaden professionals' conceptual understanding of the ports industry, and provide insights on the latest developments in this area. For students, this book provides an industry-focused and non-technical 'essential reading' for gaining a deep understanding of the ports industry"-- |
| Assigning source | Provided by publisher. |
| 588 ## - SOURCE OF DESCRIPTION NOTE | |
| Source of description note | OCLC-licensed vendor bibliographic record. |
| 650 #0 - SUBJECT ADDED ENTRY--TOPICAL TERM | |
| Topical term or geographic name entry element | Harbors |
| General subdivision | Management. |
| Topical term or geographic name entry element | Freight and freightage. |
| Topical term or geographic name entry element | Shipping. |
| Topical term or geographic name entry element | BUSINESS & ECONOMICS / General |
| Source of heading or term | bisacsh |
| Topical term or geographic name entry element | BUSINESS & ECONOMICS / Management |
| Source of heading or term | bisacsh |
| Topical term or geographic name entry element | BUSINESS & ECONOMICS / International / Economics |
| Source of heading or term | bisacsh |
| 856 40 - ELECTRONIC LOCATION AND ACCESS | |
| Materials specified | Taylor & Francis |
| Uniform Resource Identifier | <a href="https://www.taylorfrancis.com/books/9780203797501">https://www.taylorfrancis.com/books/9780203797501</a> |
| Materials specified | OCLC metadata license agreement |
| Uniform Resource Identifier | <a href="http://www.oclc.org/content/dam/oclc/forms/terms/vbrl-201703.pdf">http://www.oclc.org/content/dam/oclc/forms/terms/vbrl-201703.pdf</a> |
| 942 ## - ADDED ENTRY ELEMENTS (KOHA) | |
| Source of classification or shelving scheme | |
| Koha item type | E-Book |
No items available.